00469 a2200157 4500001000700000020000600007040001100013100003500024240004900059245004400108362000900152697002200161942000700183952010200190999001900292177631 a  cMagnum aPillar, Analice Dutra e Outros10aA educacao do olhar no ensino das arteslpor10aA educacao do olhar no ensino das artes0 a1899 aMAGNITO: DIDATICO cBK 00104070a32.5b32.5d2024-06-08l0oLI.06400pMAG00026914r2024-06-08 20:51:22w2024-06-08yBK c177631d177631